First World Countries - Statistics

General Stats
  • This quiz has been taken 1,109 times
    1,108 since last reset
  • The average score is 20 of 25
Answer Stats
Country % Correct
United States
98%
France
94%
Germany
94%
United Kingdom
94%
Canada
93%
Spain
92%
Italy
89%
Norway
88%
Sweden
88%
Australia
86%
Portugal
86%
Japan
84%
Austria
82%
Denmark
82%
Belgium
81%
Switzerland
81%
Netherlands
80%
Ireland
78%
New Zealand
74%
Iceland
72%
Greece
69%
South Korea
69%
Luxembourg
60%
Turkey
49%
Israel
40%
No matching quizzes found
Score Distribution
Percent of People with Each Score
Percentile by Number Answered
Your Score History
You have not taken this quiz since the last reset